Click the True Items - Statistics

General Stats
  • This quiz has been taken 50 times
  • The average score is 5 of 9
Answers on the Grid
Answers color-coded by a green-red scale on the quiz's grid according to % correct below.
Africa is a country
Pick this one
The Great Barrier Reef is located in the Pacific Ocean
Kangaroos are native to Africa
Asia is the largest continent in the world
Pick this one
In the library, F stands for funny books
I invented the lightbulb
Roblox is the best game ever
My favorite friends are Cmanflip and FastFoodGuy
I'm the creator of Jetpunk
Water is good for you
Pick this one
6 7 was invented by a sus boy
Earth is round
Memes sometimes make people laugh
Pick this one
 
Answer Stats
Answer % Correct
The Great Barrier Reef is located in the Pacific Ocean
85%
Asia is the largest continent in the world
79%
Water is good for you
77%
Memes sometimes make people laugh
69%
Earth is round
67%
6 7 was invented by a sus boy
41%
Roblox is the best game ever
38%
Pick this one
36%
My favorite friends are Cmanflip and FastFoodGuy
31%
No matching quizzes found
Score Distribution
Percent of People with Each Score
Percentile by Number Answered
Your Score History
You have not taken this quiz